| 000 | 00891cab a22002295a 4500 | ||
|---|---|---|---|
| 001 | L145879 | ||
| 008 | 081119e20081115xxkdo f s 000 0 eng d | ||
| 035 | _a(Sirsi) u145879 | ||
| 041 | 0 | _aeng | |
| 100 | 1 | _aCooper, Mark | |
| 245 | 0 | 0 | _aFocus MIPIM Asia and international |
| 260 | _c2008 | ||
| 490 |
_aEstates Gazette _v(0845) 15 November 2008, 63-69(7) |
||
| 520 | _aFocus on Asian property markets looks at the MIPIM conference and exhibition event, commentary on wavering stability in Asian markets in the face of the current global economic crisis and an article on how failures in the Japanese property sector are providing good opportunities for cash investors. Includes tables and market overview. | ||
| 590 | _aKA | ||
| 651 | 4 | _aChina | |
| 651 | 4 | _aJapan | |
| 690 | _aPROPERTY-COMMERCIAL PROPERTY | ||
| 700 | 1 | _aEverett, Henry | |
| 700 | 1 | _aMoore, Charlotte | |
| 942 | _n0 | ||
| 999 |
_c80961 _d80961 |
||